Music Quiz

Random Music or Album Quiz

White Album Covers Quiz Stats

Quiz not verified by Sporcle

Challenge
Share
Tweet
Score 0/50 Timer 10:00
0 Plays Today
% Correct
Bad
98.2%
The Wall
92.1%
Help!
88.9%
Born to Run
81.4%
The Velvet Underground and Nico
78.9%
Unapologetic
76.8%
OK Computer
72.9%
A Rush of Blood to the Head
69.3%
Closer to the Truth
68.2%
Boy
62.9%
The 20/20 Experience
60.7%
Coexist
58.6%
Thank Me Later
57.9%
Is This It
55.4%
Ready to Die
47.5%
Goo
46.4%
Slowhand
40.7%
One by One
37.5%
Erotica
35%
Avenged Sevenfold
33.6%
The Breakthrough
32.9%
Forever Changes
31.8%
Cults
28.2%
69 Love Songs
26.8%
Torches
26.4%
% Correct
()
25%
Minutes to Midnight
22.9%
Let England Shake
22.5%
Hi, How Are You
15%
Sweet Heart Sweet Light
13.9%
Razorlight
13.6%
Yuck
13.2%
XXX
12.1%
Slaves' Graves and Ballads
12.1%
Apologies to the Queen Mary
10.7%
Yes
10.7%
Father, Son, Holy Ghost
8.9%
White Pepper
7.9%
Visiter
7.1%
Fabulous Muscles
6.4%
She Wants Revenge
6.4%
Love, Lust, Faith and Dreams
6.1%
The Cult
5.4%
The Ape of Naples
5%
jj n° 2
3.9%
R.I.P.
3.2%
Doggumentary
2.9%
White Heat
2.9%
Julius Caesar
2.9%
School of the Flower
2.9%

You're not logged in!

Compare scores with friends on all Sporcle quizzes.
Sign Up with Email
OR
Log In

You Might Also Like...

Show Comments

Extras

Top Quizzes Today


Score Distribution

Your Account Isn't Verified!

In order to create a playlist on Sporcle, you need to verify the email address you used during registration. Go to your Sporcle Settings to finish the process.